Les 10 plus grandes villes de Tchéquie - Statistiques

Statistiques générales
  • Ce quiz a été pris 126 fois
  • Le résultat moyen est 5 sur 10
Statistiques - réponses
Population Ville % Correct
1 165 581 Prague
100%
369 559 Brno
89%
313 088 Ostrava
72%
164 180 Plzeň
66%
101 268 Olomouc
44%
97 770 Liberec
32%
96 053 České Budějovice
26%
95 195 Hradec Králové
24%
88 741 Pardubice
21%
94 105 Ústí nad Labem
18%
Aucun quiz correspondant
Distribution des résultats
% des personnes avec chaque résultat
Percentile par nombre de réponses
Votre historique - résultats
Vous n’avez pas pris ce quiz